00362 a2200133 450000500170000002000180001708200150003524500280005026000600007830000200013870000280015870000190018670000230020520250627125140.0 a0-88936-878-3 a361.25 REF aReforming Social Policy aOttawabInternational Development Research Centrec2000 avii,160p.c22cm aDaniel A. Morales-Gomez aNecla tschingi aJennifer L. Mohaer